000 01014cam a2200289 4500
001 26530
003 BD-RjUL
005 20211209051029.0
008 140322s1965 nyuac b 001 0beng
035 _a(BD-RjUL)26600
040 _aDLC
_cDLC
_dBD-RjUL
_beng
041 _aeng
082 0 0 _a941.084092
_bCAW 1965
100 1 _aCarter, Violet Bonham,
_d1887-1969.
_981605
245 1 0 _aWinston Churchill :
_ban intimate portrait /
_cViolet Bonham Carter.
250 _a1st American ed.
260 _aNew York :
_bHarcourt, Brace & World,
_cc1965.
300 _a413 p. :
_bill., ports. ;
_c24 cm.
500 _aPublished in Great Britain under title: Winston Churchill as I knew him.
504 _aIncludes bibliographical references (p. 387-388) and index.
600 1 0 _aChurchill, Winston,
_d1874-1965.
_951096
610 2 0 _aConservative Party (Great Britain)
_981616
650 0 _aPrime ministers
_zGreat Britain
_xBiography.
_975074
942 _2ddc
_cBK
999 _c26530
_d26530